La solución final / (Record no. 113797)

MARC details
000 -LEADER
campo de control de longitud fija 00505nam a2200169 4500
001 - NÚMERO DE CONTROL
campo de control 113797
003 - IDENTIFICADOR DE NÚMERO DE CONTROL
campo de control ES-MaACL
005 - FECHA Y HORA DE LA ÚLTIMA TRANSACCIÓN
campo de control 20230906190016.0
007 - CAMPO FIJO DE DESCRIPCIÓN FÍSICA--INFORMACIÓN GENERAL
campo de control de longitud fija t|
008 - DATOS DE LONGITUD FIJA--INFORMACIÓN GENERAL
campo de control de longitud fija 061121s1968 sp r ||||1| spa d
100 1# - ENTRADA PRINCIPAL--NOMBRE DE PERSONA
Nombre de persona Nollier, Richard.
9 (RLIN) 85924
245 13 - MENCIÓN DEL TÍTULO
Título La solución final /
Mención de responsabilidad, etc. Richard Nollier ; traducción de Félix Caballero Robredo.
260 ## - PUBLICACIÓN, DISTRIBUCIÓN, ETC.
Lugar de publicación, distribución, etc. Madrid :
Nombre del editor, distribuidor, etc. Aguilar,
Fecha de publicación, distribución, etc. 1968.
300 ## - DESCRIPCIÓN FÍSICA
Extensión 380 p. ;
Dimensiones 20 cm.
700 1# - ENTRADA AGREGADA--NOMBRE PERSONAL
Nombre de persona Caballero Robredo, Félix.
9 (RLIN) 33118
852 ## - LOCALIZACIÓN
Ubicación ES-MaACL
Número de control de estantería C-35468
Sublocalización o colección R.67472
Holdings
Estatus retirado Estado de pérdida Estado de daño No para préstamo Biblioteca de origen Biblioteca actual Ubicación en estantería Fecha de adquisición Fuente de adquisición Total de préstamos Signatura topográfica completa Código de barras Visto por última vez Precio de reemplazo Tipo de ítem Koha
        Biblioteca del Ateneo de Madrid Biblioteca del Ateneo de Madrid Depósito 2 17/01/2008     C-35468 1118680 23/02/2023 23/02/2023 Libro impreso